000
00333nam a2200157Ia 4500
100
_a
Avadhanulu/ Kshirsagar
250
_a
1
942
_c
BK
654
_a
Physics
245
_a
A.T.B. of Engineering Physics
260
_b
S.Chand and Co
_c
2001
082
_a
530
_b
AVA/KSH
300
_a
786
546
_a
ENGLISH
999
_c
25384
_d
25384